Plus grandes villes des Pays de la Loire - Statistiques

Statistiques générales
  • Ce quiz a été pris 506 fois
    107 depuis la dernière actualisation
  • Le résultat moyen est 18 sur 45
Statistiques - réponses
Département Population Ville % Correct
44 323 204 Nantes
96%
49 157 175 Angers
93%
72 145 004 Le Mans
90%
85 54 952 La Roche-sur-Yon
87%
44 72 057 Saint-Nazaire
81%
53 49 657 Laval
76%
49 53 936 Cholet
69%
85 48 402 Les Sables-d'Olonne
66%
49 26 215 Saumur
61%
44 16 468 La Baule-Escoublac
58%
44 49 537 Saint-Herblain
54%
53 12 900 Mayenne
52%
44 42 998 Rezé
50%
72 14 937 La Flèche
49%
44 17 910 Pornic
47%
44 12 189 Châteaubriant
46%
72 12 096 Sablé-sur-Sarthe
43%
44 20 510 Carquefou
42%
85 16 453 Les Herbiers
41%
44 27 872 Orvault
41%
53 16 710 Château-Gontier-sur-Mayenne
40%
49 17 699 Segré-en-Anjou Bleu
40%
85 22 494 Challans
39%
44 28 283 Saint-Sébastien-sur-Loire
38%
85 13 471 Fontenay-le-Comte
36%
44 26 002 Vertou
33%
44 12 121 Pornichet
32%
44 16 151 Guérande
30%
85 20 605 Montaigu-Vendée
30%
44 20 331 La-Chapelle-sur-Erdre
26%
44 20 410 Bouguenais
23%
49 21 386 Chemillé-en-Anjou
23%
49 15 358 Trélazé
23%
49 14 938 Avrillé
21%
49 23 639 Beaupréau-en-Mauges
21%
44 23 057 Couëron
21%
44 15 527 Sainte-Luce-sur-Loire
21%
44 14 411 Saint-Brevin-les-Pins
20%
49 25 806 Sèvremoine
19%
49 12 725 Les Ponts-de-Cé
14%
85 12 682 Saint-Hilaire-de-Riez
12%
49 18 331 Mauges-sur-Loire
11%
49 16 709 Orée d'Anjou
10%
49 15 755 Montrevault-sur-Evre
6%
49 16 416 Loire-Authion
3%
Aucun quiz correspondant
Distribution des résultats
% des personnes avec chaque résultat
Percentile par nombre de réponses
Votre historique - résultats
Vous n’avez pas pris ce quiz depuis la dernière actualisation